[Event "St-Chély d'Aubrac op"]
[Site "Saint-Chély d'Aubrac (12)"]
[Date "2008.07.15"]
[Round "4.23"]
[White "Griggio, Julie"]
[Black "Darnis, Lucas"]
[Result "1-0"]
[WhiteElo "1760"]
[BlackElo "1310"]
[PlyCount "65"]
[EventDate "2008.07.??"]
[EventType "swiss"]
[EventRounds "9"]
[EventCountry "FRA"]

1. e4 e5 2. Nf3 Nc6 3. Nc3 Nf6 4. d4 Bd6 5. Bb5 Qe7 6. O-O a6 7. dxe5 Nxe5 8.
Bd3 O-O 9. Bg5 Nxf3+ 10. Qxf3 Qe5 11. Qg3 Qc5 12. Be3 Qh5 13. Bf4 Bxf4 14. Qxf4
d6 15. Ne2 Ng4 16. h3 Nf6 17. Ng3 Qc5 18. Rfe1 Qd4 19. b3 Re8 20. Ne2 Qb4 21.
a3 Qb6 22. Ng3 Qd4 23. Rad1 d5 24. Qxc7 Be6 25. e5 Nd7 26. Bxh7+ Kxh7 27. Rxd4
b6 28. Qc3 Rac8 29. Rh4+ Kg8 30. Qd3 g6 31. Qe3 Kf8 32. Qg5 Rxc2 33. Rh8+ 1-0

[Event "St-Chély d'Aubrac op"]
[Site "Saint-Chély d'Aubrac (12)"]
[Date "2008.07.15"]
[Round "4.24"]
[White "Schneider, Alec"]
[Black "Barillet, Lucien"]
[Result "0-1"]
[WhiteElo "1199"]
[BlackElo "1750"]
[PlyCount "78"]
[EventDate "2008.07.??"]
[EventType "swiss"]
[EventRounds "9"]
[EventCountry "FRA"]

1. e4 c5 2. Nf3 d6 3. d4 cxd4 4. Nxd4 Nf6 5. Nc3 a6 6. Bc4 e6 7. O-O Qc7 8. Bb3
b5 9. Qd3 Bb7 10. Re1 Be7 11. Bd2 Nbd7 12. f3 Nc5 13. Qe3 Nxb3 14. Nxb3 O-O 15.
Rac1 Nd7 16. Kh1 Ne5 17. Ne2 Nc4 18. Qd4 Bf6 19. Qd3 Nxb2 20. Qe3 Nc4 21. Qd3
Nxd2 22. Qxd2 d5 23. exd5 Bxd5 24. Nf4 Bc4 25. Nh5 Be7 26. Red1 Rfd8 27. Qe1 g6
28. Ng3 Bh4 29. Rxd8+ Rxd8 30. Rd1 Rxd1 31. Qxd1 Bd5 32. Ne4 Be7 33. Qd3 Qe5
34. Kg1 f5 35. Nf2 Bc4 36. Qd1 Qe3 37. h3 Bh4 38. Qd2 Qxd2 39. Nxd2 Bxa2 0-1

[Event "St-Chély d'Aubrac op"]
[Site "Saint-Chély d'Aubrac (12)"]
[Date "2008.07.15"]
[Round "4.25"]
[White "Roignot, Vincent"]
[Black "Seewer, Kevin"]
[Result "1-0"]
[WhiteElo "1540"]
[BlackElo "1399"]
[PlyCount "163"]
[EventDate "2008.07.??"]
[EventType "swiss"]
[EventRounds "9"]
[EventCountry "FRA"]

1. e4 e5 2. Nf3 Nc6 3. Nc3 Bb4 4. Bc4 Nf6 5. d3 O-O 6. Bg5 Bxc3+ 7. bxc3 d6 8.
h3 Be6 9. Bxe6 fxe6 10. O-O Qe8 11. Nd2 Qg6 12. Bxf6 Rxf6 13. Qe2 Raf8 14. Rab1
b6 15. Qe3 a5 16. a3 h6 17. d4 exd4 18. cxd4 e5 19. c3 Qg5 20. Qxg5 hxg5 21. d5
Ne7 22. Nf3 Rg6 23. Nh2 Rgf6 24. Ng4 R6f7 25. Ne3 Rb8 26. c4 Rf4 27. f3 Rff8
28. Rb2 Rfc8 29. Rfb1 Ng6 30. g3 Rf8 31. Kg2 Rf7 32. Nf5 Rbf8 33. Rh1 Ne7 34.
Nxe7+ Rxe7 35. h4 gxh4 36. Rxh4 Ref7 37. Rf2 g5 38. Rh6 Kg7 39. Rh5 Kg6 40. g4
a4 41. Rf1 Ra8 42. Rfh1 Kf6 43. Rh6+ Ke7 44. Rh7 Raf8 45. Rxf7+ Rxf7 46. Rh5
Rg7 47. Rh8 Kd7 48. Ra8 Re7 49. Rxa4 Re8 50. Ra7 Rb8 51. Ra4 b5 52. Rb4 c6 53.
cxb5 c5 54. Rb1 c4 55. Rc1 Rxb5 56. Rxc4 Rb2+ 57. Kg3 Rb3 58. a4 Ra3 59. Rb4
Kc7 60. Rc4+ Kd7 61. Rc1 Rxa4 62. Rh1 Ke7 63. Rh5 Kf6 64. Rh6+ Ke7 65. Rg6 Ra1
66. Rxg5 Rg1+ 67. Kf2 Rc1 68. Rf5 Rc2+ 69. Kg3 Rc8 70. g5 Rg8 71. Kg4 Rg7 72.
Kh5 Ke8 73. Kh6 Rg8 74. Kh7 Rf8 75. Rxf8+ Kxf8 76. g6 Ke7 77. g7 Kd7 78. g8=Q
Ke7 79. Qg7+ Ke8 80. Kg6 Kd8 81. Qb7 Ke8 82. Qc7 1-0

[Event "St-Chély d'Aubrac op"]
[Site "Saint-Chély d'Aubrac (12)"]
[Date "2008.07.15"]
[Round "4.26"]
[White "Nusse, Melchior"]
[Black "Caparros, Nina"]
[Result "0-1"]
[WhiteElo "1250"]
[BlackElo "1199"]
[PlyCount "114"]
[EventDate "2008.07.??"]
[EventType "swiss"]
[EventRounds "9"]
[EventCountry "FRA"]

1. e4 c5 2. Nf3 Nc6 3. Bb5 g6 4. Nc3 a6 5. Bxc6 bxc6 6. d3 Bg7 7. Bd2 Nf6 8.
O-O O-O 9. Qe1 d6 10. e5 Nd5 11. exd6 Qxd6 12. Ne4 Qb8 13. Nxc5 Qxb2 14. Qb1
Qxa1 15. Qxa1 Bxa1 16. Rxa1 Rb8 17. Nd4 Re8 18. Nxc6 Rb6 19. Na5 Bf5 20. Nab3
Reb8 21. h3 Be6 22. Rb1 Rb5 23. Ne4 Rc8 24. c4 Rb6 25. cxd5 Bxd5 26. Be3 Rb5
27. Bd4 Be6 28. Kh1 Rcb8 29. Ned2 a5 30. Rc1 a4 31. Nc5 Bxa2 32. Nxa4 Rb4 33.
Nc3 Rxd4 34. Nxa2 Rb2 35. Rc8+ Kg7 36. Nc1 Rxd2 37. Nb3 Rd1+ 38. Kh2 R4xd3 39.
Rc1 Rxc1 40. Nxc1 Rd2 41. f3 e5 42. Nb3 Rb2 43. Nc5 f5 44. Nd3 Re2 45. Kg1 e4
46. fxe4 fxe4 47. Nf4 Ra2 48. Kf1 Kf6 49. g3 Ke5 50. Ke1 e3 51. Nd3+ Ke4 52.
Nc1 Rh2 53. h4 Rh1+ 54. Ke2 Rxc1 55. g4 Rc2+ 56. Kf1 Kf3 57. h5 Rc1# 0-1

[Event "St-Chély d'Aubrac op"]
[Site "Saint-Chély d'Aubrac (12)"]
[Date "2008.07.15"]
[Round "4.27"]
[White "Muheim, Jane"]
[Black "Saucey, Milena"]
[Result "0-1"]
[WhiteElo "1190"]
[BlackElo "1580"]
[PlyCount "64"]
[EventDate "2008.07.??"]
[EventType "swiss"]
[EventRounds "9"]
[EventCountry "FRA"]

1. d4 d5 2. c4 Nf6 3. Nf3 dxc4 4. e3 Bg4 5. Be2 c5 6. Qc2 Bxf3 7. Bxf3 Qa5+ 8.
Bd2 Qb5 9. Na3 Qa6 10. Nxc4 cxd4 11. Na5 Nc6 12. b4 Nxa5 13. bxa5 Rd8 14. Be2
d3 15. Qa4+ b5 16. Qb3 dxe2 17. Rc1 e6 18. f3 Be7 19. Kxe2 O-O 20. Rc2 Ba3 21.
Bb4 Bxb4 22. Qxb4 Rc8 23. Rd2 Rc4 24. Rhd1 Rxb4 25. f4 h6 26. h3 Ne4 27. Rd4
Nc3+ 28. Kf3 Nxd1 29. Rxb4 Qxa5 30. Rd4 Rd8 31. Re4 Qxa2 32. Kg4 f5+ 0-1

[Event "St-Chély d'Aubrac op"]
[Site "Saint-Chély d'Aubrac (12)"]
[Date "2008.07.15"]
[Round "4.28"]
[White "Schneider, Martin"]
[Black "Colombo, Maceo"]
[Result "1-0"]
[WhiteElo "1199"]
[BlackElo "1099"]
[PlyCount "45"]
[EventDate "2008.07.??"]
[EventType "swiss"]
[EventRounds "9"]
[EventCountry "FRA"]

1. e4 e5 2. Nf3 Nc6 3. Be2 Bc5 4. O-O Nf6 5. Nc3 O-O 6. d3 d6 7. Bd2 Bg4 8. h3
Bxf3 9. Bxf3 Nd4 10. a3 Nxf3+ 11. Qxf3 Bd4 12. b4 c6 13. Rab1 d5 14. Rfe1 h6
15. Re2 Qd7 16. Qg3 Nh5 17. Qf3 Nf6 18. Na2 c5 19. c3 dxe4 20. dxe4 h5 21. cxd4
Qxd4 22. Bc3 Qc4 23. Bxe5 1-0

[Event "St-Chély d'Aubrac op"]
[Site "Saint-Chély d'Aubrac (12)"]
[Date "2008.07.16"]
[Round "5.1"]
[White "Riff, Jean-Noel"]
[Black "Degraeve, Jean-Marc"]
[Result "1/2-1/2"]
[WhiteElo "2481"]
[BlackElo "2523"]
[PlyCount "24"]
[EventDate "2008.07.??"]
[EventType "swiss"]
[EventRounds "9"]
[EventCountry "FRA"]

1. e4 e6 2. d4 d5 3. Nc3 dxe4 4. Nxe4 Nd7 5. Nf3 Ngf6 6. Nxf6+ Nxf6 7. c3 c5 8.
Ne5 a6 9. Qa4+ Bd7 10. Nxd7 Qxd7 11. Qxd7+ Kxd7 12. dxc5 Bxc5 1/2-1/2

[Event "St-Chély d'Aubrac op"]
[Site "Saint-Chély d'Aubrac (12)"]
[Date "2008.07.16"]
[Round "5.2"]
[White "Sokolov, Andrei"]
[Black "Lagunes, Jean-Renaud"]
[Result "1-0"]
[WhiteElo "2561"]
[BlackElo "2047"]
[PlyCount "43"]
[EventDate "2008.07.??"]
[EventType "swiss"]
[EventRounds "9"]
[EventCountry "FRA"]

1. e4 d6 2. d4 Nf6 3. Nc3 g6 4. f4 Bg7 5. Nf3 c5 6. Bb5+ Bd7 7. e5 Ng4 8. Bxd7+
Qxd7 9. d5 h5 10. h3 Nh6 11. Be3 Nf5 12. Bf2 e6 13. Qe2 Na6 14. O-O-O h4 15.
dxe6 Qxe6 16. Ng5 Qd7 17. exd6+ Kf8 18. Rhe1 Bxc3 19. bxc3 Rc8 20. Qe5 Kg8 21.
Qf6 Rc6 22. Re7 1-0

[Event "St-Chély d'Aubrac op"]
[Site "Saint-Chély d'Aubrac (12)"]
[Date "2008.07.16"]
[Round "5.3"]
[White "Saucey, Michel"]
[Black "Karpatchev, Aleksandr"]
[Result "1/2-1/2"]
[WhiteElo "2348"]
[BlackElo "2460"]
[PlyCount "104"]
[EventDate "2008.07.??"]
[EventType "swiss"]
[EventRounds "9"]
[EventCountry "FRA"]

1. d4 Nc6 2. c4 e5 3. d5 Nce7 4. e4 Ng6 5. Be3 Bb4+ 6. Nd2 Nf6 7. f3 Qe7 8. g3
O-O 9. Bg2 d6 10. Ne2 Nd7 11. a3 Ba5 12. b4 Bb6 13. Qb3 Bxe3 14. Qxe3 Nb8 15.
h4 a5 16. h5 Nh8 17. Rb1 axb4 18. axb4 f5 19. f4 Nf7 20. O-O Nh6 21. fxe5 Qxe5
22. Nf4 Ra2 23. Nf3 Qf6 24. e5 Ng4 25. Qb3 Rxg2+ 26. Nxg2 dxe5 27. Qc3 Nd7 28.
c5 Qh6 29. c6 bxc6 30. dxc6 Ndf6 31. Nxe5 Qxh5 32. Qc4+ Kh8 33. Nxg4 Nxg4 34.
Nh4 g5 35. Qd4+ Kg8 36. Nf3 Qh3 37. Rb2 h6 38. Rg2 Be6 39. Ne5 Nf6 40. Nd7 Ne4
41. Qe5 Re8 42. Nf6+ Nxf6 43. Qxf6 Kh7 44. Rd1 Bd5 45. Rxd5 Re1+ 46. Kf2 Re2+
47. Kxe2 Qxg2+ 48. Ke3 Qe4+ 49. Kf2 Qxd5 50. Qe7+ Kg6 51. Qxc7 Qd2+ 52. Kf1
Qd1+ 1/2-1/2

[Event "St-Chély d'Aubrac op"]
[Site "Saint-Chély d'Aubrac (12)"]
[Date "2008.07.16"]
[Round "5.4"]
[White "Muller, Anne"]
[Black "Roignot, Pierre"]
[Result "1-0"]
[WhiteElo "2179"]
[BlackElo "2029"]
[PlyCount "39"]
[EventDate "2008.07.??"]
[EventType "swiss"]
[EventRounds "9"]
[EventCountry "FRA"]

1. e4 d5 2. exd5 Nf6 3. Nf3 Nxd5 4. d4 Bg4 5. c4 Nb6 6. c5 N6d7 7. Bc4 e6 8. h3
Bh5 9. O-O Be7 10. Nc3 Nc6 11. Be3 O-O 12. Qe2 e5 13. g4 Bg6 14. Rad1 exd4 15.
Nxd4 Bf6 16. f4 h6 17. f5 Bh7 18. Ne6 Qe7 19. Nd5 Qe8 20. Ndxc7 1-0

[Event "St-Chély d'Aubrac op"]
[Site "Saint-Chély d'Aubrac (12)"]
[Date "2008.07.16"]
[Round "5.5"]
[White "Furrer, Marc"]
[Black "Baeumlin, Francois"]
[Result "1-0"]
[WhiteElo "2121"]
[BlackElo "1995"]
[PlyCount "54"]
[EventDate "2008.07.??"]
[EventType "swiss"]
[EventRounds "9"]
[EventCountry "FRA"]

1. d4 Nf6 2. Nc3 d5 3. Bg5 Bf5 4. Bxf6 exf6 5. e3 Bd6 6. Nxd5 O-O 7. Bd3 Be6 8.
Nf4 Bxf4 9. exf4 Bd5 10. Nf3 Re8+ 11. Kf1 Qd6 12. h4 Nc6 13. c3 Qxf4 14. Rh3
Re7 15. h5 Rae8 16. Rh4 Qd6 17. Nd2 f5 18. Bxf5 Qf6 19. Rf4 Qh6 20. Qg4 Na5 21.
Ne4 Bxe4 22. Rxe4 Rxe4 23. Bxe4 Nc4 24. Bd5 Nxb2 25. Qf5 Qf6 26. Qxf6 gxf6 27.
Bxb7 Na4 1-0

[Event "St-Chély d'Aubrac op"]
[Site "Saint-Chély d'Aubrac (12)"]
[Date "2008.07.16"]
[Round "5.6"]
[White "Muheim, Sebastien"]
[Black "Netzer, Jacques"]
[Result "0-1"]
[WhiteElo "2013"]
[BlackElo "2116"]
[PlyCount "80"]
[EventDate "2008.07.??"]
[EventType "swiss"]
[EventRounds "9"]
[EventCountry "FRA"]

1. d4 Nf6 2. c4 g6 3. Nc3 Bg7 4. e4 d6 5. f3 O-O 6. Be3 c5 7. Nge2 Qa5 8. d5 b5
9. cxb5 a6 10. b6 Qxb6 11. Qd2 Nbd7 12. Rb1 Ne5 13. Ng3 e6 14. Be2 exd5 15.
exd5 Bd7 16. O-O Bb5 17. b4 Bxe2 18. Qxe2 Rfe8 19. bxc5 Qa5 20. Nce4 Nxd5 21.
Nxd6 Re7 22. Rfc1 Nc6 23. Nge4 Nxe3 24. Kh1 Nd5 25. Qc4 Nf6 26. Ng5 Ne5 27. Qb3
h6 28. f4 hxg5 29. fxe5 Ne8 30. Rf1 Qc7 31. Qf3 Ra7 32. Rbe1 Bxe5 33. Ne4 Bxh2
34. Nxg5 Qg3 35. Rxe7 Rxe7 36. Qd5 Qe5 37. Qd2 Bg3 38. Nf3 Qh5+ 39. Kg1 Qxc5+
40. Kh1 f6 0-1

[Event "St-Chély d'Aubrac op"]
[Site "Saint-Chély d'Aubrac (12)"]
[Date "2008.07.16"]
[Round "5.7"]
[White "Nass, Emile"]
[Black "Mayet, Lucas"]
[Result "1-0"]
[WhiteElo "2105"]
[BlackElo "1695"]
[PlyCount "79"]
[EventDate "2008.07.??"]
[EventType "swiss"]
[EventRounds "9"]
[EventCountry "FRA"]

1. d4 Nf6 2. Nf3 e6 3. g3 d5 4. Bg2 c6 5. O-O Bd6 6. Nbd2 O-O 7. c4 b6 8. b3
Nbd7 9. Bb2 Bb7 10. Re1 Qc7 11. e4 dxe4 12. Ng5 Bb4 13. Ngxe4 Nxe4 14. Bxe4 Nf6
15. Bb1 Qd6 16. Ne4 Qe7 17. Nc3 Rfd8 18. a3 Bd6 19. Qe2 Rd7 20. Ne4 Nxe4 21.
Bxe4 g6 22. b4 c5 23. dxc5 bxc5 24. b5 Bxe4 25. Qxe4 Re8 26. Rad1 Bc7 27. Qf3
e5 28. Rxd7 Qxd7 29. Rd1 Qe6 30. Rd5 Qb6 31. Rd7 Rf8 32. Qd5 Qa5 33. Kg2 Qb6
34. Bxe5 Bxe5 35. Qxe5 a6 36. Qd6 Qxd6 37. Rxd6 axb5 38. cxb5 Rc8 39. Rc6 Ra8
40. b6 1-0

[Event "St-Chély d'Aubrac op"]
[Site "Saint-Chély d'Aubrac (12)"]
[Date "2008.07.16"]
[Round "5.8"]
[White "Mourgues, Joelle"]
[Black "Stepenko, Roman"]
[Result "1/2-1/2"]
[WhiteElo "1767"]
[BlackElo "1580"]
[PlyCount "125"]
[EventDate "2008.07.??"]
[EventType "swiss"]
[EventRounds "9"]
[EventCountry "FRA"]

1. Nf3 Nf6 2. g3 g6 3. d3 Bg7 4. Bg2 d5 5. O-O O-O 6. c3 c6 7. Nbd2 Bg4 8. Qe1
Qd7 9. Ne5 Qe6 10. Nxg4 Qxg4 11. h3 Qc8 12. e4 dxe4 13. dxe4 e6 14. Qe2 Nbd7
15. Nc4 Ne8 16. Bg5 f6 17. Bf4 e5 18. Be3 Qc7 19. a4 Nd6 20. Rfd1 Nxc4 21.
Qxc4+ Kh8 22. Rd2 Nb6 23. Qe2 Rad8 24. Rxd8 Rxd8 25. a5 Nc8 26. a6 b6 27. Qg4
Qd7 28. Qxd7 Rxd7 29. Bf3 h5 30. g4 h4 31. g5 f5 32. exf5 gxf5 33. Bxc6 Rc7 34.
Bb5 f4 35. Bd2 Nd6 36. Be2 Ne4 37. Be1 Nxg5 38. Bg4 e4 39. f3 e3 40. Bxh4 Bf6
41. Be1 Rg7 42. Kf1 Nf7 43. Ra4 Bg5 44. h4 Bh6 45. Ke2 Ne5 46. Re4 Nxg4 47.
Re8+ Kh7 48. fxg4 Rxg4 49. Re7+ Rg7 50. Rb7 Kg6 51. Rxg7+ Bxg7 52. Kf3 Kf5 53.
b3 Bh6 54. c4 Ke5 55. Bc3+ Kd6 56. b4 Kc6 57. h5 Kc7 58. Ke4 Kd6 59. Be5+ Kc6
60. Bc3 Kd7 61. Kf3 Ke6 62. Bd4 Kd6 63. -- (63. Bxb6 $1 $18) 1/2-1/2

[Event "St-Chély d'Aubrac op"]
[Site "Saint-Chély d'Aubrac (12)"]
[Date "2008.07.16"]
[Round "5.9"]
[White "Tanguy, Fabien"]
[Black "Joli, Laurent"]
[Result "0-1"]
[WhiteElo "2062"]
[BlackElo "1911"]
[PlyCount "66"]
[EventDate "2008.07.??"]
[EventType "swiss"]
[EventRounds "9"]
[EventCountry "FRA"]

1. c4 Nf6 2. Nc3 g6 3. g3 Bg7 4. Bg2 c6 5. d4 d5 6. c5 e5 7. dxe5 Nfd7 8. Nf3
Nxc5 9. O-O O-O 10. Bg5 Qc7 11. Rc1 Be6 12. Bf6 Bxf6 13. exf6 Qd8 14. Nxd5 Bxd5
15. Rxc5 Qxf6 16. b3 Na6 17. Rc1 Rad8 18. Qe1 Rfe8 19. Nh4 Bxg2 20. Nxg2 Qb2
21. Qa5 Qxe2 22. Nf4 Qd2 23. Qg5 Rd5 24. Qg4 Rde5 25. h4 h5 26. Qh3 Nc5 27.
Rcd1 Qxa2 28. b4 Ne6 29. Nd3 Rd5 30. Qg2 Qc4 31. Nb2 Qxb4 32. Rxd5 cxd5 33. Nd3
Qe4 0-1

[Event "St-Chély d'Aubrac op"]
[Site "Saint-Chély d'Aubrac (12)"]
[Date "2008.07.16"]
[Round "5.10"]
[White "Desboeufs, Alexandre"]
[Black "Guillaumat, Jean-Pierre"]
[Result "1-0"]
[WhiteElo "2026"]
[BlackElo "1969"]
[PlyCount "56"]
[EventDate "2008.07.??"]
[EventType "swiss"]
[EventRounds "9"]
[EventCountry "FRA"]

1. e4 c5 2. Nc3 e6 3. g3 Nc6 4. Bg2 Nf6 5. d3 Be7 6. f4 d6 7. Nf3 O-O 8. O-O
Qb6 9. Kh1 Nd7 10. Rb1 Nd4 11. Be3 f5 12. Qd2 Bf6 13. Nd1 Nxf3 14. Rxf3 Qc7 15.
Nc3 Nb6 16. Rf2 Bd7 17. b3 Rad8 18. Re2 Bc6 19. a4 a6 20. Kg1 Bd4 21. Nd1 e5
22. fxe5 dxe5 23. c3 f4 24. cxd4 fxe3 25. Nxe3 cxd4 26. Nf5 Rf7 27. Rc1 Qb8 28.
Qg5 Rf6 1-0

[Event "St-Chély d'Aubrac op"]
[Site "Saint-Chély d'Aubrac (12)"]
[Date "2008.07.16"]
[Round "5.11"]
[White "Paris, Yannick"]
[Black "Duffau, Pascal"]
[Result "1/2-1/2"]
[WhiteElo "1793"]
[BlackElo "2019"]
[PlyCount "98"]
[EventDate "2008.07.??"]
[EventType "swiss"]
[EventRounds "9"]
[EventCountry "FRA"]

1. e4 e6 2. d4 d5 3. e5 c5 4. c3 Qb6 5. Nf3 Bd7 6. Be2 Nc6 7. O-O cxd4 8. cxd4
Nh6 9. b3 Nf5 10. Bb2 Be7 11. g4 Nh6 12. h3 f6 13. Qd2 Nf7 14. Kg2 O-O 15. Na3
fxe5 16. dxe5 Ncxe5 17. Nxe5 Nxe5 18. Nc2 Nc6 19. f4 Rad8 20. Rad1 Bf6 21. Nd4
Nxd4 22. Bxd4 Bxd4 23. Qxd4 Qxd4 24. Rxd4 Rc8 25. Bd3 Rc3 26. Rf3 Rfc8 27. Rb4
b6 28. Kf2 Rc1 29. Ke2 h6 30. Kd2 Kf7 31. Ke3 Ke7 32. Kd4 Kd6 33. Bg6 Rf8 34.
a4 Rf6 35. Bd3 g5 36. Ke3 gxf4+ 37. Rfxf4 Rxf4 38. Rxf4 Rh1 39. Bf1 e5 40. Rf2
d4+ 41. Kd3 Rg1 42. Rf6+ Kd5 43. Rf7 Be6 44. Rf2 Rg3+ 45. Kc2 a5 46. Bc4+ Kd6
47. Rf6 Rc3+ 48. Kd2 Rxc4 49. bxc4 e4 1/2-1/2

[Event "St-Chély d'Aubrac op"]
[Site "Saint-Chély d'Aubrac (12)"]
[Date "2008.07.16"]
[Round "5.12"]
[White "Kiecken, Jean-Marc"]
[Black "Lagunes, Robin"]
[Result "1-0"]
[WhiteElo "1978"]
[BlackElo "1825"]
[PlyCount "73"]
[EventDate "2008.07.??"]
[EventType "swiss"]
[EventRounds "9"]
[EventCountry "FRA"]

1. Nf3 d6 2. g3 Nf6 3. Bg2 g6 4. O-O Bg7 5. d3 O-O 6. e4 e5 7. b3 Bg4 8. Nbd2
Qd7 9. Re1 Nc6 10. Bb2 h6 11. c3 Nh7 12. b4 Ng5 13. Qb3 Nh3+ 14. Kf1 Kh7 15. b5
Ne7 16. Ng1 Ng5 17. h4 Ne6 18. f3 Nc5 19. Qc2 f5 20. Ke2 fxe4 21. dxe4 Be6 22.
c4 c6 23. a4 Rad8 24. Red1 d5 25. cxd5 Qd6 26. dxe6 Nxe6 27. Nb3 Nd4+ 28. Nxd4
exd4 29. f4 d3+ 30. Rxd3 Qxd3+ 31. Qxd3 Rxd3 32. Bxg7 Rfd8 33. Bf6 Rd2+ 34. Kf1
R8d7 35. Bxe7 Rxe7 36. Nf3 cxb5 37. Nxd2 1-0

[Event "St-Chély d'Aubrac op"]
[Site "Saint-Chély d'Aubrac (12)"]
[Date "2008.07.16"]
[Round "5.13"]
[White "Carno, Matthias"]
[Black "Griggio, Jean-Paul"]
[Result "1/2-1/2"]
[WhiteElo "1956"]
[BlackElo "1798"]
[PlyCount "199"]
[EventDate "2008.07.??"]
[EventType "swiss"]
[EventRounds "9"]
[EventCountry "FRA"]

1. e4 c6 2. f4 d5 3. e5 e6 4. Nf3 Ne7 5. d4 Nf5 6. b3 Nd7 7. Ba3 Bxa3 8. Nxa3
Qa5+ 9. c3 Qxa3 10. Qd2 Qe7 11. Bd3 Nh4 12. Ng5 h6 13. Nh3 f5 14. Qe2 Nf8 15.
g4 Bd7 16. Rg1 O-O-O 17. c4 Qb4+ 18. Kf2 g5 19. Rac1 fxg4 20. Rxg4 Nfg6 21. Kg3
Qe7 22. fxg5 Nf5+ 23. Kg2 hxg5 24. Nxg5 Qxg5 25. Rxg5 Nf4+ 26. Kh1 Nxe2 27.
Bxe2 Nxd4 28. Bg4 Rdg8 29. Rxg8+ Rxg8 30. h3 Kd8 31. Rf1 Ke7 32. Rf6 Rg5 33.
Rh6 Rxe5 34. Rh7+ Kd6 35. c5+ Kc7 36. h4 Nf5 37. h5 d4 38. h6 Nxh6 39. Rxh6 d3
40. Kg2 Rxc5 41. Kf2 Re5 42. Rh3 Rd5 43. Ke3 e5 44. Rh7 d2 45. Bd1 Kb6 46. Ke4
Be8 47. Rh6 a5 48. Re6 Bf7 49. Rxe5 Bg6+ 50. Kf4 Rd4+ 51. Ke3 Rd3+ 52. Ke2 Rd6
53. Ke3 Ka6 54. Rg5 Bb1 55. a3 b5 56. Rg2 Rd3+ 57. Ke2 Kb6 58. Rg5 Rd6 59. Rg3
c5 60. a4 bxa4 61. bxa4 c4 62. Re3 Bd3+ 63. Kxd2 Kc5 64. Kc3 Rd5 65. Bf3 Rg5
66. Re6 Rg6 67. Re5+ Kb6 68. Re7 Rg5 69. Rb7+ Ka6 70. Rb8 Ka7 71. Rb7+ Ka6 72.
Re7 Kb6 73. Kd4 Bf1 74. Re6+ Ka7 75. Bd5 c3 76. Rc6 Rxd5+ 77. Kxd5 Bg2+ 78. Kd4
Bxc6 79. Kxc3 Bxa4 80. Kb2 Kb6 81. Ka1 Kc5 82. Kb2 Kb4 83. Ka1 Ka3 84. Kb1 Be8
85. Ka1 Kb3 86. Kb1 a4 87. Ka1 Kc2 88. Ka2 Kc1 89. Ka1 Bg6 90. Ka2 Be4 91. Ka1
Kd2 92. Ka2 Kc1 93. Ka1 Bc2 94. Ka2 Kd2 95. Ka1 Kd1 96. Ka2 Bb3+ 97. Ka1 a3 98.
Kb1 a2+ 99. Ka1 Bg8 100. Kb2 1/2-1/2

[Event "St-Chély d'Aubrac op"]
[Site "Saint-Chély d'Aubrac (12)"]
[Date "2008.07.16"]
[Round "5.14"]
[White "Saucey, Capucine"]
[Black "Huin, Eric"]
[Result "0-1"]
[WhiteElo "1770"]
[BlackElo "1956"]
[PlyCount "63"]
[EventDate "2008.07.??"]
[EventType "swiss"]
[EventRounds "9"]
[EventCountry "FRA"]

1. e4 e5 2. Nf3 Nc6 3. Bc4 Nf6 4. d3 h6 5. c3 d6 6. h3 Bd7 7. Be3 Na5 8. Bb3
Nxb3 9. axb3 a6 10. Nbd2 Bc6 11. Nf1 Be7 12. Ng3 Bd7 13. O-O O-O 14. Qd2 Kh7
15. Rad1 Ng8 16. Nh2 f5 17. f4 exf4 18. Bxf4 g5 19. Nxf5 Bxf5 20. exf5 gxf4 21.
Qxf4 Bg5 22. Qe4 Nf6 23. Qxb7 d5 24. Nf3 Be3+ 25. Kh1 Nh5 26. Ne5 Ng3+ 27. Kh2
Nxf1+ 28. Rxf1 Bc5 29. d4 Bd6 30. Kh1 Bxe5 31. dxe5 Qd7 32. g4 0-1

[Event "St-Chély d'Aubrac op"]
[Site "Saint-Chély d'Aubrac (12)"]
[Date "2008.07.16"]
[Round "5.15"]
[White "Boulier, Rene"]
[Black "Griggio, Julie"]
[Result "1-0"]
[WhiteElo "1924"]
[BlackElo "1760"]
[PlyCount "129"]
[EventDate "2008.07.??"]
[EventType "swiss"]
[EventRounds "9"]
[EventCountry "FRA"]

1. e4 e6 2. d4 d5 3. Nd2 c5 4. exd5 Qxd5 5. dxc5 Bxc5 6. Ngf3 Nf6 7. Bc4 Qc6 8.
O-O O-O 9. Qe2 Nbd7 10. Bd3 b6 11. Ne4 Bb7 12. Nxf6+ Nxf6 13. Bg5 Ne4 14. Bb5
Qc7 15. Bh4 a6 16. Bd3 Qc6 17. Rfe1 Nd6 18. Bxh7+ Kxh7 19. Ng5+ Kg8 20. Qg4 Nf5
21. Ne4 Nh6 22. Qg3 Kh8 23. Qh3 Bd4 24. c3 Be5 25. Bg5 Kh7 26. Bxh6 gxh6 27.
Ng5+ Kg6 28. Nf3 Bg7 29. Re5 Kh7 30. Rh5 Rh8 31. Qg4 Kg8 32. Re1 Kf8 33. Rh3 f5
34. Qg6 Qe8 35. Qxe6 Qxe6 36. Rxe6 b5 37. Nh4 Kf7 38. Rb6 Be4 39. f3 Bb1 40.
Rg3 Be5 41. Rgg6 Bf4 42. Rgf6+ Kg7 43. Rg6+ Kf7 44. Rb7+ Ke8 45. Kf2 Bg5 46.
Re6+ Kd8 47. Ng6 Bxa2 48. Rd6+ Kc8 49. Rdd7 Rg8 50. Rbc7+ Kb8 51. Rb7+ Kc8 52.
Ne5 Bd5 53. Rbc7+ Kb8 54. Rc5 Bb7 55. Rcc7 Bf4 56. Rxb7+ Kc8 57. Nc6 Re8 58.
Ne7+ Rxe7 59. Rxe7 Kd8 60. Rf7 Ke8 61. Rxf5 Bc1 62. b3 Bb2 63. c4 bxc4 64. bxc4
Rc8 65. Rxb2 1-0

[Event "St-Chély d'Aubrac op"]
[Site "Saint-Chély d'Aubrac (12)"]
[Date "2008.07.16"]
[Round "5.16"]
[White "Rabier, Jean"]
[Black "Messinger, Karl"]
[Result "1-0"]
[WhiteElo "1914"]
[BlackElo "1703"]
[PlyCount "61"]
[EventDate "2008.07.??"]
[EventType "swiss"]
[EventRounds "9"]
[EventCountry "FRA"]

1. e4 c5 2. Nf3 Nc6 3. Bb5 g6 4. O-O Bg7 5. c3 a6 6. Bxc6 bxc6 7. d4 cxd4 8.
cxd4 Nf6 9. Nc3 O-O 10. e5 Ne8 11. Qa4 Nc7 12. Be3 Nb5 13. Rac1 Bb7 14. Rfd1
Rc8 15. Qb3 Qa5 16. Ne4 Qc7 17. a4 Na7 18. d5 Ba8 19. d6 exd6 20. exd6 Qb8 21.
Qxb8 Rxb8 22. Bxa7 Rb7 23. Bd4 Bxd4 24. Nxd4 Rxb2 25. Nc5 Rb4 26. h3 Rd8 27.
Nxa6 Rxa4 28. Nc5 Ra2 29. Ra1 Rb2 30. Ra7 Kg7 31. Rda1 1-0

[Event "St-Chély d'Aubrac op"]
[Site "Saint-Chély d'Aubrac (12)"]
[Date "2008.07.16"]
[Round "5.17"]
[White "Labarthe, Arnaud"]
[Black "Marie, Olivier"]
[Result "1-0"]
[WhiteElo "1899"]
[BlackElo "1520"]
[PlyCount "21"]
[EventDate "2008.07.??"]
[EventType "swiss"]
[EventRounds "9"]
[EventCountry "FRA"]

1. d4 d5 2. c4 dxc4 3. Nc3 g6 4. e4 Bg7 5. Be3 Nc6 6. Nf3 Bg4 7. Bxc4 Nh6 8. d5
Ne5 9. Be2 O-O 10. Nxe5 Bxe2 11. Qxe2 1-0

[Event "St-Chély d'Aubrac op"]
[Site "Saint-Chély d'Aubrac (12)"]
[Date "2008.07.16"]
[Round "5.18"]
[White "Barillet, Lucien"]
[Black "Robert, Thierry"]
[Result "0-1"]
[WhiteElo "1750"]
[BlackElo "1862"]
[PlyCount "108"]
[EventDate "2008.07.??"]
[EventType "swiss"]
[EventRounds "9"]
[EventCountry "FRA"]

1. c4 Nf6 2. Nc3 e6 3. e4 d6 4. Nf3 e5 5. d4 Bg4 6. d5 Be7 7. Be2 O-O 8. O-O
Na6 9. a3 Nc5 10. Qc2 a5 11. Be3 b6 12. b4 axb4 13. axb4 Ncd7 14. Nd2 Bxe2 15.
Nxe2 Ng4 16. Qc3 Nxe3 17. Qxe3 h6 18. Nb3 Qb8 19. Nc3 Qb7 20. Rfb1 Nf6 21. f3
Nd7 22. c5 dxc5 23. Rxa8 Qxa8 24. Ra1 Qb7 25. Nb5 Ra8 26. Qc1 Rxa1 27. Nxa1 Bd6
28. Nb3 cxb4 29. Qc6 Qxc6 30. dxc6 Bc5+ 31. Nxc5 Nxc5 32. Kf1 b3 33. Ke2 b2 34.
Nc3 Ne6 35. Kd2 Nd8 36. Kc2 Nxc6 37. Kxb2 Nd8 38. Nd5 Ne6 39. Kc3 Kf8 40. Kc4
Ke8 41. Kb5 Kd7 42. Nb4 Nd4+ 43. Kc4 c6 44. Nd3 Kd6 45. f4 b5+ 46. Kb4 f6 47.
f5 Nxf5 48. exf5 e4 49. Nf4 Ke5 50. g3 Kxf5 51. h3 g5 52. Ne2 Ke5 53. g4 f5 54.
gxf5 Kxf5 0-1